Countries with the Most Reptile Species - Statistics

General Stats
  • This quiz has been taken 1,167 times
  • The average score is 16 of 20
Answer Stats
No. species Country % Correct
814 Brazil
98%
1,078 Australia
97%
530 United States
96%
490 China
94%
689 India
94%
957 Mexico
94%
755 Indonesia
93%
601 Colombia
92%
495 Peru
87%
409 Venezuela
86%
447 Argentina
84%
437 Thailand
83%
486 Malaysia
82%
479 Vietnam
80%
478 Ecuador
77%
447 South Africa
77%
434 Madagascar
59%
359 Tanzania
59%
356 Mali
20%
612 Guinea
13%
No matching quizzes found
Score Distribution
Percent of People with Each Score
Percentile by Number Answered
Your Score History
You have not taken this quiz